000 00772cam a2200253 a 4500
001 13587851
005 20171218090911.0
008 040510s1999 coua b 000 0 eng d
010 _a 2004272486
020 _a157035264X
035 _a(OCoLC)ocm43937799
040 _aYPM
_cYPM
_dNGU
_dDLC
041 _aeng
042 _alccopycat
080 _a371.93 CHRI
082 0 0 _a371.93 CHRI
_222
100 _a48
101 _aPSI
245 0 0 _aPractical ideas for addressing challenging behaviors /
_cSusan Sandall and Michaelene Ostrosky, co-editors.
504 _aIncludes bibliographical references.
906 _a7
_bcbc
_ccopycat
_d2
_encip
_f20
_gy-gencatlg
942 _2ddc
_cBK
999 _c39119
_d39119